<?xml version="1.0" encoding="UTF-8"?>
<record
    xmlns:xsi="http://www.w3.org/2001/XMLSchema-instance"
    xsi:schemaLocation="http://www.loc.gov/MARC21/slim http://www.loc.gov/standards/marcxml/schema/MARC21slim.xsd"
    xmlns="http://www.loc.gov/MARC21/slim">

  <leader>00337nam a22001457a 4500</leader>
  <controlfield tag="003">OSt</controlfield>
  <controlfield tag="005">20220311143614.0</controlfield>
  <controlfield tag="008">220103b        |||||||| |||| 00| 0 eng d</controlfield>
  <datafield tag="020" ind1=" " ind2=" ">
    <subfield code="a">9789380444543</subfield>
  </datafield>
  <datafield tag="040" ind1=" " ind2=" ">
    <subfield code="c">HU</subfield>
  </datafield>
  <datafield tag="082" ind1=" " ind2=" ">
    <subfield code="a">006.454</subfield>
  </datafield>
  <datafield tag="100" ind1=" " ind2=" ">
    <subfield code="a">Manocha</subfield>
    <subfield code="9">26715</subfield>
  </datafield>
  <datafield tag="245" ind1=" " ind2=" ">
    <subfield code="a">Understanding Electrical Workshop</subfield>
  </datafield>
  <datafield tag="942" ind1=" " ind2=" ">
    <subfield code="2">ddc</subfield>
    <subfield code="c">BOOKS</subfield>
    <subfield code="n">0</subfield>
  </datafield>
  <datafield tag="999" ind1=" " ind2=" ">
    <subfield code="c">25662</subfield>
    <subfield code="d">25662</subfield>
  </datafield>
  <datafield tag="952" ind1=" " ind2=" ">
    <subfield code="0">0</subfield>
    <subfield code="1">0</subfield>
    <subfield code="2">ddc</subfield>
    <subfield code="4">0</subfield>
    <subfield code="7">0</subfield>
    <subfield code="a">006</subfield>
    <subfield code="b">006</subfield>
    <subfield code="c">GEN</subfield>
    <subfield code="d">2022-01-03</subfield>
    <subfield code="l">0</subfield>
    <subfield code="o">006.454/MAN2011</subfield>
    <subfield code="p">IOTL0003477</subfield>
    <subfield code="r">2022-01-03 00:00:00</subfield>
    <subfield code="t">1</subfield>
    <subfield code="w">2022-01-03</subfield>
    <subfield code="y">BOOKS</subfield>
  </datafield>
  <datafield tag="952" ind1=" " ind2=" ">
    <subfield code="0">0</subfield>
    <subfield code="1">0</subfield>
    <subfield code="2">ddc</subfield>
    <subfield code="4">0</subfield>
    <subfield code="7">0</subfield>
    <subfield code="a">006</subfield>
    <subfield code="b">006</subfield>
    <subfield code="c">GEN</subfield>
    <subfield code="d">2022-01-03</subfield>
    <subfield code="l">0</subfield>
    <subfield code="o">006.454/MAN2011</subfield>
    <subfield code="p">IOTL0003478</subfield>
    <subfield code="r">2022-01-03 00:00:00</subfield>
    <subfield code="t">2</subfield>
    <subfield code="w">2022-01-03</subfield>
    <subfield code="y">BOOKS</subfield>
  </datafield>
  <datafield tag="952" ind1=" " ind2=" ">
    <subfield code="0">0</subfield>
    <subfield code="1">0</subfield>
    <subfield code="2">ddc</subfield>
    <subfield code="4">0</subfield>
    <subfield code="7">0</subfield>
    <subfield code="a">006</subfield>
    <subfield code="b">006</subfield>
    <subfield code="c">GEN</subfield>
    <subfield code="d">2022-01-03</subfield>
    <subfield code="l">0</subfield>
    <subfield code="o">006.454/MAN2011</subfield>
    <subfield code="p">IOTL0003479</subfield>
    <subfield code="r">2022-01-03 00:00:00</subfield>
    <subfield code="t">3</subfield>
    <subfield code="w">2022-01-03</subfield>
    <subfield code="y">BOOKS</subfield>
  </datafield>
  <datafield tag="952" ind1=" " ind2=" ">
    <subfield code="0">0</subfield>
    <subfield code="1">0</subfield>
    <subfield code="2">ddc</subfield>
    <subfield code="4">0</subfield>
    <subfield code="7">0</subfield>
    <subfield code="a">006</subfield>
    <subfield code="b">006</subfield>
    <subfield code="c">GEN</subfield>
    <subfield code="d">2022-01-03</subfield>
    <subfield code="l">0</subfield>
    <subfield code="o">006.454/MAN2011</subfield>
    <subfield code="p">IOTL0003480</subfield>
    <subfield code="r">2022-01-03 00:00:00</subfield>
    <subfield code="t">4</subfield>
    <subfield code="w">2022-01-03</subfield>
    <subfield code="y">BOOKS</subfield>
  </datafield>
  <datafield tag="952" ind1=" " ind2=" ">
    <subfield code="0">0</subfield>
    <subfield code="1">0</subfield>
    <subfield code="2">ddc</subfield>
    <subfield code="4">0</subfield>
    <subfield code="7">0</subfield>
    <subfield code="a">006</subfield>
    <subfield code="b">006</subfield>
    <subfield code="c">GEN</subfield>
    <subfield code="d">2022-01-03</subfield>
    <subfield code="l">0</subfield>
    <subfield code="o">006.454/MAN2011</subfield>
    <subfield code="p">IOTL0003481</subfield>
    <subfield code="r">2022-01-03 00:00:00</subfield>
    <subfield code="t">5</subfield>
    <subfield code="w">2022-01-03</subfield>
    <subfield code="y">BOOKS</subfield>
  </datafield>
  <datafield tag="952" ind1=" " ind2=" ">
    <subfield code="0">0</subfield>
    <subfield code="1">0</subfield>
    <subfield code="2">ddc</subfield>
    <subfield code="4">0</subfield>
    <subfield code="7">0</subfield>
    <subfield code="a">006</subfield>
    <subfield code="b">006</subfield>
    <subfield code="c">GEN</subfield>
    <subfield code="d">2022-01-03</subfield>
    <subfield code="l">0</subfield>
    <subfield code="o">006.454/MAN2011</subfield>
    <subfield code="p">IOTL0003482</subfield>
    <subfield code="r">2022-01-03 00:00:00</subfield>
    <subfield code="t">6</subfield>
    <subfield code="w">2022-01-03</subfield>
    <subfield code="y">BOOKS</subfield>
  </datafield>
  <datafield tag="952" ind1=" " ind2=" ">
    <subfield code="0">0</subfield>
    <subfield code="1">0</subfield>
    <subfield code="2">ddc</subfield>
    <subfield code="4">0</subfield>
    <subfield code="7">0</subfield>
    <subfield code="a">006</subfield>
    <subfield code="b">006</subfield>
    <subfield code="c">GEN</subfield>
    <subfield code="d">2022-01-03</subfield>
    <subfield code="l">0</subfield>
    <subfield code="o">006.454/MAN2011</subfield>
    <subfield code="p">IOTL0003483</subfield>
    <subfield code="r">2022-01-03 00:00:00</subfield>
    <subfield code="t">7</subfield>
    <subfield code="w">2022-01-03</subfield>
    <subfield code="y">BOOKS</subfield>
  </datafield>
  <datafield tag="952" ind1=" " ind2=" ">
    <subfield code="0">0</subfield>
    <subfield code="1">0</subfield>
    <subfield code="2">ddc</subfield>
    <subfield code="4">0</subfield>
    <subfield code="7">0</subfield>
    <subfield code="a">006</subfield>
    <subfield code="b">006</subfield>
    <subfield code="c">GEN</subfield>
    <subfield code="d">2022-01-03</subfield>
    <subfield code="l">0</subfield>
    <subfield code="o">006.454/MAN2011</subfield>
    <subfield code="p">IOTL0003484</subfield>
    <subfield code="r">2022-01-03 00:00:00</subfield>
    <subfield code="t">8</subfield>
    <subfield code="w">2022-01-03</subfield>
    <subfield code="y">BOOKS</subfield>
  </datafield>
  <datafield tag="952" ind1=" " ind2=" ">
    <subfield code="0">0</subfield>
    <subfield code="1">0</subfield>
    <subfield code="2">ddc</subfield>
    <subfield code="4">0</subfield>
    <subfield code="7">0</subfield>
    <subfield code="a">006</subfield>
    <subfield code="b">006</subfield>
    <subfield code="c">GEN</subfield>
    <subfield code="d">2022-01-03</subfield>
    <subfield code="l">0</subfield>
    <subfield code="o">006.454/MAN2011</subfield>
    <subfield code="p">IOTL0003485</subfield>
    <subfield code="r">2022-01-03 00:00:00</subfield>
    <subfield code="t">9</subfield>
    <subfield code="w">2022-01-03</subfield>
    <subfield code="y">BOOKS</subfield>
  </datafield>
  <datafield tag="952" ind1=" " ind2=" ">
    <subfield code="0">0</subfield>
    <subfield code="1">0</subfield>
    <subfield code="2">ddc</subfield>
    <subfield code="4">0</subfield>
    <subfield code="7">0</subfield>
    <subfield code="a">006</subfield>
    <subfield code="b">006</subfield>
    <subfield code="c">GEN</subfield>
    <subfield code="d">2022-01-03</subfield>
    <subfield code="o">006.454/MAN2011</subfield>
    <subfield code="p">IOTL0003486</subfield>
    <subfield code="r">2022-01-03 00:00:00</subfield>
    <subfield code="t">10</subfield>
    <subfield code="w">2022-01-03</subfield>
    <subfield code="y">BOOKS</subfield>
  </datafield>
  <datafield tag="952" ind1=" " ind2=" ">
    <subfield code="0">0</subfield>
    <subfield code="1">0</subfield>
    <subfield code="2">ddc</subfield>
    <subfield code="4">0</subfield>
    <subfield code="7">0</subfield>
    <subfield code="a">006</subfield>
    <subfield code="b">006</subfield>
    <subfield code="c">GEN</subfield>
    <subfield code="d">2022-03-11</subfield>
    <subfield code="l">0</subfield>
    <subfield code="o">006.454/MAN2011</subfield>
    <subfield code="p">IOTL0016095</subfield>
    <subfield code="r">2022-03-11 00:00:00</subfield>
    <subfield code="t">11</subfield>
    <subfield code="w">2022-03-11</subfield>
    <subfield code="y">BOOKS</subfield>
  </datafield>
  <datafield tag="952" ind1=" " ind2=" ">
    <subfield code="0">0</subfield>
    <subfield code="1">0</subfield>
    <subfield code="2">ddc</subfield>
    <subfield code="4">0</subfield>
    <subfield code="7">0</subfield>
    <subfield code="a">006</subfield>
    <subfield code="b">006</subfield>
    <subfield code="c">GEN</subfield>
    <subfield code="d">2022-03-11</subfield>
    <subfield code="l">0</subfield>
    <subfield code="o">006.454/MAN2011</subfield>
    <subfield code="p">IOTL0016096</subfield>
    <subfield code="r">2022-03-11 00:00:00</subfield>
    <subfield code="t">12</subfield>
    <subfield code="w">2022-03-11</subfield>
    <subfield code="y">BOOKS</subfield>
  </datafield>
  <datafield tag="952" ind1=" " ind2=" ">
    <subfield code="0">0</subfield>
    <subfield code="1">0</subfield>
    <subfield code="2">ddc</subfield>
    <subfield code="4">0</subfield>
    <subfield code="7">0</subfield>
    <subfield code="a">006</subfield>
    <subfield code="b">006</subfield>
    <subfield code="c">GEN</subfield>
    <subfield code="d">2022-03-11</subfield>
    <subfield code="l">0</subfield>
    <subfield code="o">006.454/MAN2011</subfield>
    <subfield code="p">IOTL0016097</subfield>
    <subfield code="r">2022-03-11 00:00:00</subfield>
    <subfield code="t">13</subfield>
    <subfield code="w">2022-03-11</subfield>
    <subfield code="y">BOOKS</subfield>
  </datafield>
  <datafield tag="952" ind1=" " ind2=" ">
    <subfield code="0">0</subfield>
    <subfield code="1">0</subfield>
    <subfield code="2">ddc</subfield>
    <subfield code="4">0</subfield>
    <subfield code="7">0</subfield>
    <subfield code="a">006</subfield>
    <subfield code="b">006</subfield>
    <subfield code="c">GEN</subfield>
    <subfield code="d">2022-03-18</subfield>
    <subfield code="l">0</subfield>
    <subfield code="o">006.454/MAN2011</subfield>
    <subfield code="p">IOTL0017660</subfield>
    <subfield code="r">2022-03-18 00:00:00</subfield>
    <subfield code="t">14</subfield>
    <subfield code="w">2022-03-18</subfield>
    <subfield code="y">BOOKS</subfield>
  </datafield>
  <datafield tag="952" ind1=" " ind2=" ">
    <subfield code="0">0</subfield>
    <subfield code="1">0</subfield>
    <subfield code="2">ddc</subfield>
    <subfield code="4">0</subfield>
    <subfield code="7">0</subfield>
    <subfield code="a">006</subfield>
    <subfield code="b">006</subfield>
    <subfield code="c">GEN</subfield>
    <subfield code="d">2022-03-18</subfield>
    <subfield code="l">0</subfield>
    <subfield code="o">006.454/MAN2011</subfield>
    <subfield code="p">IOTL0017661</subfield>
    <subfield code="r">2022-03-18 00:00:00</subfield>
    <subfield code="t">15</subfield>
    <subfield code="w">2022-03-18</subfield>
    <subfield code="y">BOOKS</subfield>
  </datafield>
</record>
